000 00731nam a2200241 i 4500
001 14377
003 ES-MaACL
005 20230906150806.0
007 t|
008 990304s1999 sp ||||1| spa d
020 _a84-339-0569-4
080 _a800.1
100 1 _aMarina, José Antonio.
_976822
245 1 3 _aLa selva del lenguaje
_b: introducción a un diccionario de los sentimientos /
_cJosé Antonio Marina.
250 _a3ª ed.
260 _aBarcelona :
_bAnagrama,
_c1999.
300 _a310 p. ;
_c22 cm.
490 1 _aColección Argumentos ;
_v219
650 4 _aLenguaje-
_xFilosofía.
_914344
830 0 _aColección Argumentos ;
_v219
_9178071
852 _aES-MaACL
_jL-21638
_bR.127086
999 _c14377
_d14377